00823nas a2200253 4500001001300000003000900013005001700022007000300039008003400042040005400076041000900130072001300139100002200152100002500174100001700199100001800216245008800234650001100322650002500333650001500358650002200373773012100395856005300516BR2014003068BR-BrBNA20231205124029.0ta230509b bl.|||p| |||| 00| 00por d aBR-BrBNAbporcBiblioteca Nacional de Agricultura a(En) aP33; P361 aGuimarães, G.P.1 aMendonça, E. de S.1 aPassos, R.R.1 aAndrade, F.V.1 aSoil Aggregation and organic carbon of oxisols under coffee in agroforestry systems aCAFÉ aMATÉRIA ORGÂNICA aPOROSIDADE aANÁLISE DO SOLO0 tRevista Brasileira de Ciência do Solo (Brazil)xISSN 0100-0683 g(Jan-Feb 2014), v. 38(1) p. 278-287wBR201400306840uhttp://www.scielo.br/pdf/rbcs/v38n1/a28v38n1.pdf